|
|
|
|
| LEADER |
00000nab a2200000 a 4500 |
| 001 |
vtls000366178 |
| 003 |
SK-MaSNL |
| 005 |
20260304221645.0 |
| 008 |
230302c1989 xo 0 slo |
| 015 |
|
|
|a SNBRB19rr/mm-uuuuu
|
| 035 |
|
|
|a CL0366300
|
| 035 |
|
|
|a urn:nbn:sk:snk-aban4a
|
| 035 |
|
|
|a (urnnbn)urn:nbn:sk:snk:ar-007zap
|
| 035 |
|
|
|a (uuid)0bae244b-c722-4d32-a345-009d023bc74e
|
| 040 |
|
|
|a SNKBUCL
|b slo
|c SNKBUCL
|e AACR2
|
| 041 |
0 |
|
|a slo
|
| 044 |
|
|
|a xo
|c SK
|
| 080 |
|
|
|a 323.1
|2 1981
|
| 100 |
1 |
|
|a Sobotková, Margita
|4 aut
|9 1212457
|
| 245 |
1 |
0 |
|a List z Bratislavy do Šale
|c Margita Sobotková
|
| 300 |
|
|
|b Obr. 1.
|
| 650 |
0 |
7 |
|a Slováci v zahraničí
|2 snkbucl
|9 14695
|
| 650 |
0 |
7 |
|a Maďari v ČSSR
|2 snkbucl
|9 953776
|
| 651 |
|
7 |
|a Maďarsko
|2 snkbucl
|9 16754
|
| 655 |
|
7 |
|a články z novín a časopisov
|2 snkbucl
|9 267496
|
| 773 |
0 |
|
|t Literárny týždenník
|g Roč. 2, č. 43 (1989), s. 13
|
| 850 |
|
|
|a Slovenská národná knižnica v Martine
|a MTA001
|
| 852 |
|
|
|a SNK
|b KIS3GCP
|
| 954 |
|
|
|a odborná, vedecká literatúra pôvodná (slovenská)
|2 lita
|
| 958 |
|
|
|a RK
|
| 958 |
|
|
|a HU
|
| 958 |
|
|
|a OND
|
| 958 |
|
|
|a EUIPO
|
| 958 |
|
|
|a article14
|
| 999 |
|
|
|c 3159189
|d 3161119
|